000 01115nam a22002537a 4500
005 20170124103221.0
010 _aB-194068
020 _c250.00
035 _aB-194068
037 _bCen Lib/Ret
040 _aDPL
_bHN
082 _a636.2
_bअखिले
100 _aअखिलेश
_9500
245 _aनवभारत में बुनियादी परिशिक्षण कोर्स /
_cअखिलेश
246 _aNavbahart ke buniyadi prashikshan course /
_bby Akhilesh
260 _aरीवा
_bगायत्री पब्लिकेशन
_c2007
270 _a41/42 रघुवंश सदन, बिछिया
_bरीवा
300 _aभिन्न पृष्ठ
_c22सेमी(सजिल्द)
650 _aप्रतियोगी परीक्षाओं
_93059
650 _aप्रतियोगी परीक्षाओं - भारत
_9101549
650 _aCompetative examinations
_9101550
650 _aCompetative examinations -- India
_9101551
942 _2ddc
_cHN
_h636.2
_mअखिले
999 _c121883
_d121883